Report of the Comptroller and Auditor General of India, Tripura, 1992-93 (Record no. 508457)

000 -LEADER
fixed length control field 00512cam a22001457a 4500
008 - FIXED-LENGTH DATA ELEMENTS--GENERAL INFORMATION
fixed length control field 180718b-- xxu||||| |||| 00| 0 eng d
082 ## - DEWEY DECIMAL CLASSIFICATION NUMBER
Classification number L906x5464 1992-93
100 ## - MAIN ENTRY--PERSONAL NAME
Personal name Tripura. Comptroller and Auditor General of India.
9 (RLIN) 3784
245 ## - TITLE STATEMENT
Title Report of the Comptroller and Auditor General of India, Tripura, 1992-93
260 ## - PUBLICATION, DISTRIBUTION, ETC. (IMPRINT)
Place of publication, distribution, etc Agartala
Name of publisher, distributor, etc Comptroller and Auditor General of India
Date of publication, distribution, etc 1993
300 ## - PHYSICAL DESCRIPTION
Extent 272+p.
500 ## - GENERAL NOTE
General note Library has 1991/92-1997/98
650 ## - SUBJECT ADDED ENTRY--TOPICAL TERM
Topical term or geographic name as entry element Auditing - India - Tripura
9 (RLIN) 3785
942 ## - ADDED ENTRY ELEMENTS (KOHA)
Source of classification or shelving scheme
Holdings
Withdrawn status Lost status Source of classification or shelving scheme Damaged status Koha normalized classification for sorting Not for loan Permanent location Current location Date acquired Full call number Barcode Date last seen Price effective from Koha item type
        L_906X5464_199293   Indian Institute of Public Administration Indian Institute of Public Administration 2019-03-26 L906x5464 1992-93 GG33773 2019-03-26 2019-03-26 GG

Powered by Koha